000 00630nam a22001817a 4500
005 20230313072142.0
008 230313b |||||||| |||| 00| 0 eng d
020 _a978-971-9905-21-9
082 _aFil. 155.25 L434 2011
100 _aRodolfa, Bernardo B.,
_eauthor.
245 _aLeadership and personality development for tourism and hospitality professionals /
_cBernardo B. Rodolfa, Jr., et al.
260 _aManila:
_bMindshapers,
_cc2011.
300 _ax, 224p. :
_bill.
504 _aIncludes bibliographical references.
541 _e3283 c.1, 3284 c.2, 3631 c.3, 4098 c.4
650 _aPersonality
650 _aLeadership
999 _c1772
_d1772